| 000 | 01077nam a2200301Ia 4500 | ||
|---|---|---|---|
| 003 | OSt | ||
| 005 | 20221007125522.0 | ||
| 006 | a|||||r|||| 00| 0 | ||
| 007 | ta | ||
| 008 | 221006b |||||||| |||| 00| 0 eng d | ||
| 020 |
_a0632056592 (hbd) _c6561.93 |
||
| 024 | _a12109 | ||
| 037 |
_b018, 26/05/2004, Dhanraj Book House _cTextual |
||
| 040 |
_aCDL _cCDL _beng |
||
| 041 |
_2eng _aeng |
||
| 082 | _aFG, P3 Carc | ||
| 100 |
_aHond Frank deb Ed. _9722055 |
||
| 245 | 0 |
_aPesticides: problems, improvements, alternatives _b Groenewegen Peter Ed. Straalen Nico M van Ed. |
|
| 260 |
_aOxford _bBlackwell Science Ltd. _c2003 |
||
| 300 |
_axi,256p. _ccm. |
||
| 500 | _aIncludes bibliographical references.; Index 252-256p. | ||
| 650 |
_a Pesticides _9722056 |
||
| 650 | _aTechnology | ||
| 700 | _a Groenewegen Peter Ed. | ||
| 700 |
_a Straalen Nico M van Ed. _9722057 |
||
| 942 |
_hFG, P3 Carc _cTEXL _2CC |
||
| 999 |
_c1215422 _d1215422 |
||